| 000 | 01076cgm a2200313 4500 | ||
|---|---|---|---|
| 001 | M91417 | ||
| 008 | 090401t1998 xxu||||| |||| 00| 0 eng d | ||
| 035 | _a(Sirsi) u85894 | ||
| 041 | _aeng | ||
| 050 | _a346.4104346 | ||
| 100 | _aGillett, Alan | ||
| 245 | _aLease renewals 1998 (truce or battle?) (sound recording) | ||
| 260 |
_aLondon _bRICS _c1998 |
||
| 300 | _a1 sound cassette (60 min.) | ||
| 350 | _a14.1 | ||
| 490 | _aOwlion Audio Programme | ||
| 520 | _aAn explanation of the processes involved in arranging renewals of commercial leases under the Landlord and Tenant Act 1954. Includes discussion on the legal and practical issues with reference to case law. | ||
| 650 | _aAUDIO CASSETTES | ||
| 650 | _aCOMMERCIAL LEASES | ||
| 650 | _aLANDLORD AND TENANT ACT 1954 | ||
| 650 | _aLEASE RENEWALS | ||
| 690 |
_aLandlord and tenant _96252 |
||
| 700 | _aEden, Nicholas | ||
| 700 | _aRickard, Jennifer | ||
| 710 |
_aRoyal Institution of Chartered Surveyors _94900 |
||
| 710 |
_aCollege of Estate Management _9400 |
||
| 942 | _n0 | ||
| 948 | _c29/04/1998 | ||
| 999 |
_c85362 _d85362 |
||